[Event "IRL-chT"]
[Site "Dublin"]
[Date "2019.04.07"]
[Round "4.2"]
[White "Quinn, Ciaran"]
[Black "Bratkov, Pavel"]
[Result "1-0"]
[WhiteElo "1976"]
[BlackElo "2081"]
[PlyCount "59"]
[EventDate "2019.04.05"]
[EventType "team-swiss"]
[EventRounds "5"]
[EventCountry "IRL"]
[SourceTitle "CBM 189 Extra"]
[Source "ChessBase"]
[SourceDate "2019.06.03"]
[SourceVersion "1"]
[SourceVersionDate "2019.06.03"]
[SourceQuality "1"]
[WhiteTeam "Elm Mount"]
[BlackTeam "Trinity"]
[WhiteTeamCountry "IRL"]
[BlackTeamCountry "IRL"]

1. d4 d5 2. c4 e6 3. g3 Nf6 4. Bg2 Nbd7 5. Nc3 Bb4 6. Qb3 Bxc3+ 7. Qxc3 0-0 8. b3 c6 9. Nf3 Ne4 10. Qc2 b5 11. 0-0 bxc4 12. bxc4 Ba6 13. Ne5 Nxe5 14. dxe5 f5 15. exf6 Nxf6 16. cxd5 cxd5 17. Bb2 Qb6 18. Qd2 h6 19. Bd4 Qb5 20. Rfe1 Rac8 21. Qe3 Qd7 22. Qa3 Bc4 23. Rac1 Ng4 24. h3 e5 25. Bxa7 Ra8 26. hxg4 Rxa7 27. Qc5 Rxa2 28. Rxc4 Kh8 29. Bxd5 Rb8 30. Bf3 1-0